[Event "Manny Pacquiao op"]
[Site "General Santos City"]
[Date "2022.12.14"]
[Round "4"]
[White "Sta Ana, Jacob"]
[Black "Wong, Jianwen"]
[Result "1-0"]
[WhiteElo "1617"]
[BlackElo "2298"]
[PlyCount "179"]
[EventDate "2022.12.13"]
[EventType "swiss"]
[EventRounds "9"]
[EventCountry "PHI"]
[SourceTitle "EXT 2024"]
[Source "ChessBase"]
[SourceDate "2023.10.10"]
[SourceVersion "1"]
[SourceVersionDate "2023.10.10"]
[SourceQuality "1"]

1. d4 Nf6 2. Nf3 e6 3. Bg5 Be7 4. e3 c5 5. c3 b6 6. Bd3 Ba6 7. 0-0 0-0 8. Bxa6 Nxa6 9. Ne5 Qc7 10. Nd2 Rac8 11. f4 d6 12. Bxf6 Bxf6 13. Ng4 Be7 14. Rf3 f5 15. Nf2 cxd4 16. exd4 e5 17. fxe5 dxe5 18. Qe2 Bg5 19. Nf1 e4 20. Rg3 Bh4 21. Qxa6 Bxg3 22. hxg3 Rce8 23. Re1 Kh8 24. Nh3 Qe7 25. Qe2 Qf7 26. b3 Qf6 27. Ne3 Rc8 28. Nd5 Qd6 29. c4 Qxg3 30. Qf2 Qd6 31. Qf4 Qd7 32. a4 h6 33. Re3 Rce8 34. Qh4 Qd8 35. Qh5 Qd6 36. Nhf4 Kh7 37. Rg3 e3 38. Rg6 Qd7 39. Kf1 e2+ 40. Ke1 Re4 41. Nh3 Kh8 42. Ng5 Ree8 43. Nf4 Re3 44. Nge6 Rf7 45. Rxh6+ gxh6 46. Qxh6+ Kg8 47. Ng6 Rf6 48. Qxe3 Rxe6 49. Ne5 Qg7 50. Qf3 Rd6 51. Qf2 Qg5 52. Kxe2 Kg7 53. Nf3 Qg4 54. Kd3 Qe4+ 55. Kc3 Rg6 56. Nh4 Rg5 57. Nf3 Rg6 58. d5 Kf6 59. a5 Ke7 60. axb6 axb6 61. Nd4 Rxg2 62. Nxf5+ Kd7 63. Qxb6 Qxf5 64. Qc6+ Kd8 65. d6 Qe5+ 66. Kb4 Qe1+ 67. Kb5 Qe8 68. b4 Qd7 69. Kb6 Ra2 70. Qd5 Qa7+ 71. Kb5 Qb8+ 72. Kc5 Qa7+ 73. Kb5 Qa4+ 74. Kc5 Re2 75. Qg5+ Kd7 76. Qg7+ Kd8 77. Qc7+ Ke8 78. Qc8+ Kf7 79. Qf5+ Ke8 80. Qh5+ Kd7 81. Qxe2 Qa7+ 82. Kb5 Qb7+ 83. Ka4 Qa8+ 84. Kb3 Kxd6 85. c5+ Kd7 86. Qg4+ Kc7 87. Qg7+ Kc6 88. Qf6+ Kc7 89. Qe7+ Kc6 90. Qd6+ 1-0